Microsoft Word, Excel and Powerpoint 2010 : (Record no. 300849)
[ view plain ]
| 000 -LEADER | |
|---|---|
| fixed length control field | 00777nam a2200265Ia 4500 |
| 008 - FIXED-LENGTH DATA ELEMENTS--GENERAL INFORMATION | |
| fixed length control field | 160901s9999 xx 000 0 und d |
| 020 ## - INTERNATIONAL STANDARD BOOK NUMBER | |
| International Standard Book Number | 978-1-285-11306-7 |
| 050 ## - LIBRARY OF CONGRESS CALL NUMBER | |
| Classification number | ComSc HF 5548.4 |
| 050 ## - LIBRARY OF CONGRESS CALL NUMBER | |
| Item number | .M525S54 2012 c.2 |
| 100 ## - MAIN ENTRY--PERSONAL NAME | |
| Personal name | Shelly, Gary B. |
| 245 ## - TITLE STATEMENT | |
| Title | Microsoft Word, Excel and Powerpoint 2010 : |
| 245 ## - TITLE STATEMENT | |
| Remainder of title | essential concepts and techniques / |
| 245 ## - TITLE STATEMENT | |
| Statement of responsibility, etc | Gary B. Shelly, Misty E. Vermaat. |
| 260 ## - PUBLICATION, DISTRIBUTION, ETC. (IMPRINT) | |
| Place of publication, distribution, etc | Singapore : |
| 260 ## - PUBLICATION, DISTRIBUTION, ETC. (IMPRINT) | |
| Name of publisher, distributor, etc | Cengage Learning Asia Pte Ltd |
| 260 ## - PUBLICATION, DISTRIBUTION, ETC. (IMPRINT) | |
| Date of publication, distribution, etc | 2012 |
| 300 ## - PHYSICAL DESCRIPTION | |
| Extent | 672 pages : |
| 300 ## - PHYSICAL DESCRIPTION | |
| Other physical details | ill. ; |
| 300 ## - PHYSICAL DESCRIPTION | |
| Dimensions | 26 cm. |
| 500 ## - GENERAL NOTE | |
| General note | Includes index. |
| 650 ## - SUBJECT ADDED ENTRY--TOPICAL TERM | |
| Topical term or geographic name as entry element | Microsoft Office. |
| 650 ## - SUBJECT ADDED ENTRY--TOPICAL TERM | |
| Topical term or geographic name as entry element | Microsoft PowerPoint (Computer file). |
| 650 ## - SUBJECT ADDED ENTRY--TOPICAL TERM | |
| General subdivision | Microsoft Word. |
| 650 ## - SUBJECT ADDED ENTRY--TOPICAL TERM | |
| General subdivision | Microsoft Excel (Computer file). |
| Withdrawn status | Lost status | Damaged status | Home library | Current library | Shelving location | Date acquired | Cost, normal purchase price | Total Checkouts | Full call number | Barcode | Date last seen | Price effective from | Koha item type |
|---|---|---|---|---|---|---|---|---|---|---|---|---|---|
| South Mansfield College | South Mansfield College | 01/07/2016 | 618.00 | ComSc HF 5548.4 .M525S54 2012 c.2 | SMC06003 | 09/01/2016 | 09/01/2016 |